00380nam a2200145 a 450000500170000000800410001702000180005805000170007610000180009324500430011126000350015430000090018944000180019865000180021620140412111228.0100121s19uu xx 00 eng d a1-57064-714-3 aERbM72 2000 a Mody, Monica aBarney's Easter party! /cMonica Mody. aNew York :bScholastic,c2000. aunp. aLift and peek aTreasure hunt